000 00490 a2200193 4500
005 20240521125644.0
010 _aB-759137
020 _a9789354712583
_c399.00
035 _aB-759137
037 _bGift
082 _aS
100 _aWest, Tracey
_966636
245 _aThe Underdogs/
_cTracey West
260 _aNew York
_bScholastic Inc.
_c2022
270 _aNew York
_bNew York
300 _a154 p.
_c19 cm(Pb)
942 _adpl
_cCH
_2ddc
_hS
_mWES
999 _c203099
_d203099